Normal view
MARC view
- Gándara, Alejandro,
Entry Nombre Personal
001 - NUMERO DE CONTROL
- campo de control: 35054
003 - IDENTIFICADOR DE NUMERO DE CONTROL
- campo de control: UPN
005 - FECHA Y HORA DE LA ÜLTIMA TRANSACCIÓN
- campo de control: 20210219194459.0
008 - DATOS DE LONGITUD FIJA
- campo de control de longitud fija: nabaccnnaabn|||||||||| b |nc|||||d
035 ## - NUMERO DE CONTROL
- Número de control: UPN11000007161
040 ## - FUENTE DE CATALOGACIÓN
- Lenguaje de catalogación: SPA
- Agencia de transcripción: UPN
053 #4 - NÚMERO DE CLASIFICACIÓN LC
- Número de clasificación elemento-número único o número inicial de tramo: PQ6657 A5.3
100 1# - ENCABEZAMIENTO - NOMBRE PERSONAL
- Nombre personal: Gándara, Alejandro,
- Fechas asociadas con el nombre: 1957-
670 ## - FUENTE EN LA QUE SE LOCALIZARON DATOS
- Cita de la fuente: LC
680 ## - NOTA PUBLICA DE ACCESO PÚBLICO
- Frase explicativa de la referencia: Es profesor de Historia de las Ideas en la Facultad de Sociología de la Universidad Complutense de Madrid. Investigador del British Museum de Londres. Fue responsable del Suplemento de Libros del diario El País entre 1986 y 1989. Fundó la Escuela de Letras en 1989. Dirigió la revista de cultura La Modificación. En la actualidad es director académico de la Escuela Contemporánea de Humanidades. Practicó el atletismo en su juventud, experiencia que refleja en su novela
902 ## - CATALOGADOR
- Catalogador: BDV/010414
